Score 0/7 Timer 03:00
1 Play Today
Question Answer Wrong Answers
The merchant ship 'Margaret' is ransacked by the pirate Edward Teach, better known by this name.
1717
Blackbeard
94.2%
Calico Jack
1.2%
The Flying Dutchman
3.2%
Captain Nemo
0.9%
Due to state-sponsored doping at the 2014 Olympics, the International Olympic Committee bans this country from competing at the 2018 Winter Olympics in Pyeongchang.
2017
Russia
90.9%
China
4.3%
Iran
2.1%
Brazil
1%
Lord of the Rings: The Two Towers, directed by this New Zealander, premieres in New York.
2002
Peter Jackson
90.8%
Taika Waititi
1.2%
Martin Campbell
4.1%
Fran Walsh
2.6%
Christopher Columbus becomes the first European to set foot on this island, now home to Haiti and the Dominican Republic.
1492
Hispaniola
88.8%
Trinidad
4.5%
Santa Maria
4.2%
Tortuga
2.4%
This former American football player is sentenced to 33 years in prison for kidnapping and armed robbery. He would be released on parole after 9 years.
2008
O.J. Simpson
86.4%
Michael Vick
3.9%
Darren Sharper
3.4%
Jamal Lewis
5%
This Spanish opera singer, known as a member of the Three Tenors (alongside Plácido Domingo and Luciano Pavarotti), is born in Barcelona.
1946
José Carreras
72.1%
Enrico Caruso
7.6%
Andrea Bocelli
16.5%
Juan Diego Flórez
2.9%
Leonid Kravchuk begins his term as the first President of this nation, after it declared independence from the Soviet Union earlier in the year.
1991
Ukraine
62.1%
Kyrgyzstan
14.1%
Estonia
17.3%
Azerbaijan
5.4%
Remove Ads.
Support Sporcle.
Get the best of Sporcle when you Go Orange. This ad-free experience offers more features, more stats, and more fun while also helping to support Sporcle. Thank you for becoming a member.

You're not logged in!

Compare scores with friends on all Sporcle quizzes.
OR
Log In

Show Comments

Extras

Top Quizzes Today


Score Distribution

Your Account Isn't Verified!

In order to create a playlist on Sporcle, you need to verify the email address you used during registration. Go to your Sporcle Settings to finish the process.

Report this User

Report this user for behavior that violates our Community Guidelines.

Details: